000 00814nam a22002537a 4500
003 dpl
005 20180621114959.0
008 180621b xxu||||| |||| 00| 0 eng d
010 _aA-945403
020 _a8170490774
_c00.00
035 _aA-945403, A-945409
037 _bCen Lib/Ret
040 _aDPL
_bEN
_c0
082 _a658.562
_bMUK
100 _aMukherjee, Y.
_924948
245 _aQuality management system ISO 9000 and ISO 14000 /
_cby Y. Mukherjee,
260 _aNew Delhi
_bManas Publication
_c1998
270 _a4819/XI, Varun House Mathur Lane, 24, Ansari Road, Daryaganj
_bNew Delhi
_e110002
300 _ax,250p. :
_bill.
_c22cm(Hb)
500 _aIncludes index.
650 _aManagement
_93072
650 _aQuality management
_917216
942 _2ddc
_cEN
_h658.562
_mMUK
999 _c128959
_d128959